000 005900000a22001690004500
090 _aAR
_b02019
245 1 0 _aOcurrence and morphology of the oenocytes in soldiers of Cornitermes cumulans (<Kollar>) (<Isoptera, Termitidae>)
650 1 4 _aEntomología
_94483
650 1 4 _aTermitas
_954855
650 1 4 _aMorfología
_992917
651 4 _mTambaú
_dRío Claro
_pBrasil
_992749
653 _gCornitermes
_eCornitermes cumulans
041 0 _aInglés
100 1 _aCosta Leonardo, Ana María
_995494
942 _cARTICULO
773 1 _tRevista Brasileira de Entomologia
_3684
_h2
_q345-351
_d1993
_g37
999 _c11096
_d11096